Tratado histórico-legal de la institución de los pósitos en España / (Record no. 154716)

MARC details
000 -LEADER
campo de control de longitud fija 00740nam a22002055i 4500
001 - NÚMERO DE CONTROL
campo de control 154716
003 - IDENTIFICADOR DE NÚMERO DE CONTROL
campo de control ES-MaACL
005 - FECHA Y HORA DE LA ÚLTIMA TRANSACCIÓN
campo de control 20250809031526.0
008 - DATOS DE LONGITUD FIJA--INFORMACIÓN GENERAL
campo de control de longitud fija 980928s1881 sp |||| | spa d
040 ## - FUENTE DE CATALOGACIÓN
Centro catalogador/agencia de origen CAM
Lengua de catalogación spa
Centro/agencia transcriptor CAM
100 1# - ENTRADA PRINCIPAL--NOMBRE DE PERSONA
Nombre de persona Gracia Cantalapiedra, José.
9 (RLIN) 127514
245 10 - MENCIÓN DEL TÍTULO
Título Tratado histórico-legal de la institución de los pósitos en España /
Mención de responsabilidad, etc. por José Gracia Cantalapiedra.
260 ## - PUBLICACIÓN, DISTRIBUCIÓN, ETC.
Lugar de publicación, distribución, etc. Madrid :
Nombre del editor, distribuidor, etc. [s.n.,
Fecha de publicación, distribución, etc. s.a.] (
Fabricante imprenta de Campuzano)
300 ## - DESCRIPCIÓN FÍSICA
Extensión 491 p. ;
Dimensiones 25 cm.
596 ## - NOTA AL PIE DE IMPRENTA
NOTA AL PIE DE IMPRENTA Prólogo fechado en 1881.
650 07 - PUNTO DE ACCESO ADICIONAL DE MATERIA--TÉRMINO DE MATERIA
Término de materia o nombre geográfico como elemento de entrada Derecho mercantil
Fuente del encabezamiento o término embne
9 (RLIN) 135891
650 #4 - PUNTO DE ACCESO ADICIONAL DE MATERIA--TÉRMINO DE MATERIA
Término de materia o nombre geográfico como elemento de entrada Pósitos-
Subdivisión geográfica España.
9 (RLIN) 142092
852 ## - LOCALIZACIÓN
Ubicación ES-MaACL
Número de control de estantería F-8970
Nota libre -- Enc. pasta española
condición física -- Contiene 478, XXIV p.
Holdings
Estatus retirado Estado de pérdida Estado de daño No para préstamo Biblioteca de origen Biblioteca actual Ubicación en estantería Fecha de adquisición Fuente de adquisición Total de préstamos Signatura topográfica completa Código de barras Visto por última vez Precio de reemplazo Tipo de ítem Koha
        Biblioteca del Ateneo de Madrid Biblioteca del Ateneo de Madrid Sala Pecera Planta 2 17/01/2008     F-8970 1161822 23/02/2023 23/02/2023 Libro impreso